000 00535nam a22002057a 4500
003 PILC
005 20160129113717.0
008 121116t xxu||||| |||| 00| 0 eng d
020 _a0440188415
050 _aPS 3566.A686
_b.P238 1987
082 _aFIC
_bP22t 1986
100 _aParker, Robert
_920728
245 _aTaming a sea-horse
_cRobert B. Parker
260 _aNew York :
_bDell Publishing Co., Inc,
_cc1987.
300 _a313 p. :
_c17 cm.
562 _e1
650 _aFiction
_9746
942 _2lcc
_cBK
999 _c11613
_d11613